01061nam a22001697a 4500008004100000020001800041050002300059100003700082245007400119250001800193260003100211300001800242500009000260504003300350505048200383650002600865141014b1995 sp ||||| |||| 00| 0 spa d a9788425418914 aRC488.5 bO34 1995 aOchoa de Alda, Inmaculadaeautor aEnfoques en terapia familiar sistémicac/ Inmaculada, Ochoa de Alda a2a. edición aEspañab: Herderc, 1995 a276 páginas aincluye: Introducción (pp. 9-13), Apéndices (pp. 241-260), Glosario (pp. 261-270) aBibliografía (pp. 271-276) aOrigen y conceptos básicos en terapia familiar sistémica La entrevista Genogramas de terapia familiar Terapia de MRI de Palo alto Terapia de grupo de Milán La entrevista circular como intervención Terapia centrada en las soluciones Terapia estructural Terapia familiar con adolescentes Terapia estratégica Enfoque estratégico para trastornos de emancipación: esquizofrenia, delincuencia y drogadicción Terapia de pareja Comentario final aPSICOTERAPIA FAMILIAR